000 00270nam a2200109Ia 4500
001 588682
005 20250717120836.0
008 250717s9999 xx 000 0 und d
245 0 _aY-2 SELÇUKLU ASLANI
_cERHAN AKMAN
260 _bYEDİTEPE YAYINLARI
_c2019
300 _b236
999 _c588682
_d588682